Některé rysy současných distribuovaných systémů.

Prehľad existujúcich distribuovaných systémov. Centralizovaný a decentralizovaný spôsob riadenia prístupu k prostriedkom siete. Sieťové služby a ich návrhy. Diaľkové volanie procedúr (RPC) a globálne pomenovanie (naming). Distribuovaný operačný systém V a jeho základné rysy. Komunikácia medzi proces...

Descrizione completa

Salvato in:
Dettagli Bibliografici
Autore principale: Rukovanský, I.
Altri autori: Telecká, M., Frnka, M.
Natura: Capitolo di libro
Lingua:ceco
Soggetti:
Tags: Aggiungi Tag
Nessun Tag, puoi essere il primo ad aggiungerne!!

MARC

LEADER 00000naa a2200000 4500
001 r002649
005 20220819180943.6
041 0 |a cze 
044 |a [CS] 
245 1 0 |a Některé rysy současných distribuovaných systémů.  |c I. Rukovanský, M. Telecká, M. Frnka 
520 |a Prehľad existujúcich distribuovaných systémov. Centralizovaný a decentralizovaný spôsob riadenia prístupu k prostriedkom siete. Sieťové služby a ich návrhy. Diaľkové volanie procedúr (RPC) a globálne pomenovanie (naming). Distribuovaný operačný systém V a jeho základné rysy. Komunikácia medzi procesmi. Služba naming v systéme V. Aplikačné využitie distribuovaných systémov. 
610 2 0 |a siete počítačové 
610 2 0 |a systémy operačné 
610 2 0 |a komunikácia 
610 2 0 |a moduly 
610 2 0 |a adresáre 
100 1 |a Rukovanský, I. 
700 1 |a Telecká, M. 
700 1 |a Frnka, M.